Normal view
MARC view
- Warringten, C
Entry Personal Name
001 - CONTROL NUMBER
- control field: 6574
003 - CONTROL NUMBER IDENTIFIER
- control field: OSt
005 - DATE AND TIME OF LATEST TRANSACTION
- control field: 20241224155611.0
008 - FIXED-LENGTH DATA ELEMENTS
- fixed length control field: 241224|| aca||aabn | a|a d
040 ## - CATALOGING SOURCE
- Original cataloging agency: OSt
- Transcribing agency: OSt
100 ## - HEADING--PERSONAL NAME
- Personal name: Warringten, C
670 ## - SOURCE DATA FOUND
- Source citation: Work cat.: (OSt)9651: Warringten, C ., Protective relays: Their theory and practice, Vol 2 / , 1985.
